K pojetí hospodářské politiky.
V reálnom socializme sa nesformovala teória hospodárskej politiky. Táto teória, ako teória správania sa štátu, sa začala formovať v kapitalistických štátoch už v 30 rokoch. Charakteristika dvoch hlavných prúdov tejto teórie: anglo-amerického a kontinentálneho. Obidva smery rešpektujú trh a obidva ko...
Salvato in:
| Autore principale: | |
|---|---|
| Natura: | Capitolo di libro |
| Lingua: | ceco |
| Soggetti: | |
| Tags: |
Nessun Tag, puoi essere il primo ad aggiungerne!!
|
MARC
| LEADER | 00000naa a2200000 4500 | ||
|---|---|---|---|
| 001 | r003996 | ||
| 005 | 20221125080927.8 | ||
| 041 | 0 | |a cze | |
| 044 | |a [CS] | ||
| 245 | 1 | 0 | |a K pojetí hospodářské politiky. |c Zdislav Šulc |
| 520 | |a V reálnom socializme sa nesformovala teória hospodárskej politiky. Táto teória, ako teória správania sa štátu, sa začala formovať v kapitalistických štátoch už v 30 rokoch. Charakteristika dvoch hlavných prúdov tejto teórie: anglo-amerického a kontinentálneho. Obidva smery rešpektujú trh a obidva konštatujú jeho nedokonalosť. Považujú za nutné také intervencie štátu do ekonomiky, ktoré doplňujú, či zdokonaľujú trhový mechanizmus. Potreba jednoty konštitutívnych a regulatívnych prvkov. | ||
| 610 | 2 | 0 | |a politika hospodárska |
| 610 | 2 | 0 | |a teórie ekonomické |
| 610 | 2 | 0 | |a štát |
| 610 | 2 | 0 | |a trh |
| 610 | 2 | 0 | |a mechanizmus trhový |
| 610 | 2 | 0 | |a intervencionizmus štátny |
| 610 | 2 | 0 | |a regulácia hospodárska |
| 100 | 1 | |a Šulc, Zdislav | |